Переяславская Рада: ее историческое значение и перспективы возрождения союзного государства (Запись № 11692507)
[ простой вид ]
| 000 -МАРКЕР | |
|---|---|
| контрольное поле | 02819nam0a2200397 4500 |
| 001 - ИДЕНТИФИКАТОР ЗАПИСИ | |
| контрольное поле | RU\NLR\BIBL_A\012058860 |
| 005 - ИДЕНТИФИКАТОР ВЕРСИИ | |
| контрольное поле | 20201123133105.0 |
| 010 ## - МЕЖДУНАРОДНЫЙ СТАНДАРТНЫЙ НОМЕР КНИГИ (ISBN) | |
| Номер (ISBN) | 978-5-91951-533-3 |
| Тираж | 1000 |
| 021 ## - НОМЕР ГОСУДАРСТВЕННОЙ РЕГИСТРАЦИИ | |
| Код страны | Российская Федерация |
| Номер | КН-П-19-045663 |
| Номер Листа государственной регистраци | КН-П-19-3336 |
| 035 ## - ДРУГИЕ СИСТЕМНЫЕ НОМЕРА | |
| Идентификатор записи | (NLR Aleph) 012058860 |
| 035 ## - ДРУГИЕ СИСТЕМНЫЕ НОМЕРА | |
| Идентификатор записи | (RuMoRGB)010017978 |
| 100 ## - ДАННЫЕ ОБЩЕЙ ОБРАБОТКИ | |
| Данные общей обработки | 20190716d2019 k y0rusy50 ca |
| 101 0# - ЯЗЫК РЕСУРСА | |
| Язык текста, звукозаписи и т.д. | русский |
| 102 ## - СТРАНА ПУБЛИКАЦИИ ИЛИ ПРОИЗВОДСТВА | |
| Страна публикации | Российская Федерация |
| 105 ## - ПОЛЕ КОДИРОВАННЫХ ДАННЫХ: ТЕКСТОВЫЕ МАТЕРИАЛЫ, МОНОГРАФИЧЕСКИЕ | |
| Кодированные данные о монографическом текстовом документе | ac||z|||100zy |
| 200 1# - ЗАГЛАВИЕ И СВЕДЕНИЯ ОБ ОТВЕТСТВЕННОСТИ | |
| Основное заглавие | Переяславская Рада: ее историческое значение и перспективы возрождения союзного государства |
| Сведения, относящиеся к заглавию | сборник статей Всероссийской с международным участием научно-практической конференции 18 января 2019 г., [Ростов-на-Дону] |
| Первые сведения об ответственности | Политическая партия "Коммунистическая партия Российской Федерации" |
| Последующие сведения об ответственности | составители: Кислицына И. И. [и др.] |
| 210 ## - ПУБЛИКАЦИЯ, РАСПРОСТРАНЕНИЕ И ДР. | |
| Место издания, распространения и т.д. | Ростов-на-Дону |
| Имя издателя, распространителя и т. д. | Альтаир |
| Дата издания, распространения и т.д. | 2019 |
| 215 ## - ФИЗИЧЕСКАЯ ХАРАКТЕРИСТИКА | |
| Специфическое обозначение материала и объем | 369, [1] с., [8] л. цв. ил., портр. |
| Другие сведения о физической характеристике | портр. |
| Размеры | 20 |
| 320 ## - ПРИМЕЧАНИЯ О НАЛИЧИИ В ДОКУМЕНТЕ БИБЛИОГРАФИИ / УКАЗАТЕЛЯ | |
| Текст примечания | Библиогр. в конце ст. и в подстроч. примеч. |
| 601 02 - НАИМЕНОВАНИЕ ОРГАНИЗАЦИИ КАК ПРЕДМЕТ | |
| Начальный элемент ввода | Переяславская рада |
| Дата проведения временной организации | 1654 |
| Формальный подзаголовок | Съезды, совещания и т.п |
| Системный номер авторитетной/нормативной записи | 2406589 |
| Идентификатор авторитетной/нормативной записи | RU\NLR\AUTH\661434192 |
| 606 1# - НАИМЕНОВАНИЕ ТЕМЫ КАК ПРЕДМЕТ | |
| Наименование темы | Политическая интеграция |
| Формальный подзаголовок | Съезды, совещания и т.п |
| Географический подзаголовок | Постсоветские страны |
| Системный номер авторитетной/нормативной записи | 2245733 |
| Идентификатор авторитетной/нормативной записи | RU\NLR\AUTH\6601578335 |
| 607 ## - ГЕОГРАФИЧЕСКОЕ НАИМЕНОВАНИЕ КАК ПРЕДМЕТ | |
| Географическое наименование | Россия |
| Формальный подзаголовок | Съезды, совещания и т.п |
| Тематический подзаголовок | Взаимоотношения |
| Географический подзаголовок | Украина |
| Системный номер авторитетной/нормативной записи | 2216785 |
| Идентификатор авторитетной/нормативной записи | RU\NLR\AUTH\661331354 |
| 607 ## - ГЕОГРАФИЧЕСКОЕ НАИМЕНОВАНИЕ КАК ПРЕДМЕТ | |
| Географическое наименование | Украина |
| Формальный подзаголовок | Съезды, совещания и т.п |
| Тематический подзаголовок | Взаимоотношения |
| Географический подзаголовок | Россия |
| Системный номер авторитетной/нормативной записи | 2216787 |
| Идентификатор авторитетной/нормативной записи | RU\NLR\AUTH\661331355 |
| 686 1# - ИНДЕКСЫ ДРУГИХ КЛАССИФИКАЦИЙ | |
| Индекс | Т3(2)461-051я431 |
| 686 1# - ИНДЕКСЫ ДРУГИХ КЛАССИФИКАЦИЙ | |
| Индекс | Т3(2)0-64(2Ук)я431 |
| 686 1# - ИНДЕКСЫ ДРУГИХ КЛАССИФИКАЦИЙ | |
| Индекс | Т3(2Ук)0-64(2)я431 |
| 686 1# - ИНДЕКСЫ ДРУГИХ КЛАССИФИКАЦИЙ | |
| Индекс | Ф4(2)я431 |
| 702 #1 - ИМЯ ЛИЦА - ВТОРИЧНАЯ ОТВЕТСТВЕННОСТЬ | |
| Начальный элемент ввода | Кислицына |
| Часть имени, кроме начального элемента ввода | И. И. |
| Код отношения | Составитель |
| 711 12 - НАИМЕНОВАНИЕ ОРГАНИЗАЦИИ - АЛЬТЕРНАТИВНАЯ ОТВЕТСТВЕННОСТЬ | |
| Начальный элемент ввода | "Переяславская Рада: ее историческое значение и перспективы возрождения союзного государства", всероссийская с международным участием научно-практическая конференция |
| Место проведения временной организации | Ростов-на-Дону |
| Дата проведения временной организации | 2019 |
| Системный номер авторитетной/нормативной записи | 671688 |
| Идентификатор авторитетной/нормативной записи | RU\NLR\AUTH\880505888 |
| 712 02 - НАИМЕНОВАНИЕ ОРГАНИЗАЦИИ - ВТОРИЧНАЯ ОТВЕТСТВЕННОСТЬ | |
| Код отношения | Прочие |
| Начальный элемент ввода | Коммунистическая партия Российской Федерации |
| Системный номер авторитетной/нормативной записи | 501324 |
| Идентификатор авторитетной/нормативной записи | RU\NLR\AUTH\8810002060 |
| 942 ## - ДОПОЛНИТЕЛЬНЫЕ ЭЛЕМЕНТЫ ЗАПИСИ (АБИС) | |
| Тип экземпляра АБИС | Книга |
| 980 ## - КОЛЛЕКЦИЯ | |
| Название коллекции | НБР |
| 980 ## - КОЛЛЕКЦИЯ | |
| Название коллекции | Национальная библиография |
Нет доступных экземпляров.